[Event "World Youth Girl U16 2016"]
[Site "Khanty-Mansiysk RUS"]
[Date "2016.10.02"]
[Round "10.20"]
[White "Krapivina, Galina"]
[Black "Hamedi Nia, Vesal"]
[Result "1/2-1/2"]
[WhiteElo "1834"]
[BlackElo "1904"]
[WhiteFideId "24159182"]
[BlackFideId "12542253"]
[EventDate "2016.09.22"]

1. e4 c5 2. Nf3 e6 3. d4 cxd4 4. Nxd4 a6 5. Be3 Qc7 6. Bd3 Nf6 7. O-O b5 8. Qe2
Bb7 9. Nd2 d5 10. Bg5 Nbd7 11. exd5 Bxd5 12. c4 bxc4 13. Bxc4 Qb7 14. Bxd5 Qxd5
15. N2f3 Be7 16. Rfd1 O-O 17. Nb3 Qb7 18. Rac1 Rac8 19. Na5 Qb6 20. Nc4 Qb5 21.
b3 Nb6 22. Rc2 Nbd5 23. Nd4 Qb7 24. Qf3 Qa7 25. Ne2 Rfd8 26. Ng3 Qb8 27. Nh5
Nxh5 28. Bxe7 Nxe7 29. Qxh5 Rxd1+ 30. Qxd1 Nd5 31. h3 h6 32. Rd2 Qc7 33. Qg4 a5
34. Rd3 a4 35. Rg3 f5 36. Qe2 Nf4 37. Qb2 axb3 38. axb3 Rd8 39. Qc2 Ra8 40. Qb2
Rd8 41. Qc2 e5 42. Re3 e4 43. Re1 Rd3 44. Rd1 Qc6 45. Rc1 Qa6 46. Ne3 g6 47.
Qc8+ Qxc8 48. Rxc8+ Kg7 49. Rc7+ Kg8 50. Rc8+ Kg7 51. Rc7+ Kg8 52. Rc8+ 1/2-1/2

[Event "World Youth Girl U16 2016"]
[Site "Khanty-Mansiysk RUS"]
[Date "2016.10.02"]
[Round "10.21"]
[White "Kozybayeva, Alisa"]
[Black "Limanovska, Elizabete"]
[Result "1-0"]
[WhiteElo "1888"]
[BlackElo "1870"]
[WhiteFideId "13708317"]
[BlackFideId "11603542"]
[EventDate "2016.09.22"]

1. d4 Nf6 2. c4 e6 3. Nc3 Bb4 4. g3 O-O 5. Bg2 d5 6. Nf3 Ne4 7. Bd2 Nxd2 8. Nxd2
c6 9. O-O Nd7 10. a3 Be7 11. cxd5 exd5 12. b4 Bf6 13. e3 Nb6 14. Qc2 Be6 15.
Rfc1 Qd7 16. Qd3 Rfc8 17. Nb3 Bf5 18. Qf1 Qe7 19. b5 Rc7 20. bxc6 bxc6 21. a4
Nc8 22. Bxd5 Nd6 23. Bg2 Rac8 24. Nc5 Bg6 25. Ra2 Bg5 26. Qe2 Nf5 27. Rd1 Rd8
28. N3e4 Bh6 29. h4 f6 30. Rb2 Bf7 31. Bh3 g6 32. Bg2 Nd6 33. Nxd6 Rxd6 34. Na6
Rc8 35. Rdb1 Qe6 36. Nc5 Qe8 37. Ne4 Re6 38. Qf3 f5 39. Nc5 Re7 40. Rb7 Bf8 41.
Qf4 Rxb7 42. Rxb7 Bxc5 43. dxc5 Qf8 44. Qd6 Qg7 45. Bxc6 Qa1+ 46. Kg2 Qa2 47.
Rxf7 1-0

[Event "World Youth Girl U16 2016"]
[Site "Khanty-Mansiysk RUS"]
[Date "2016.10.02"]
[Round "10.22"]
[White "Saumy, Zainab"]
[Black "Kostava, Elene"]
[Result "1/2-1/2"]
[WhiteElo "1688"]
[BlackElo "1756"]
[WhiteFideId "9911316"]
[BlackFideId "13603280"]
[EventDate "2016.09.22"]

1. d4 d5 2. c4 e6 3. Nc3 Be7 4. cxd5 exd5 5. Bf4 c6 6. e3 Nf6 7. h3 Bf5 8. g4
Bg6 9. Bd3 Nbd7 10. Nge2 b5 11. Ng3 Nb6 12. g5 Nfd7 13. h4 Bxd3 14. Qxd3 g6 15.
e4 dxe4 16. Ngxe4 O-O 1/2-1/2

[Event "World Youth Girl U16 2016"]
[Site "Khanty-Mansiysk RUS"]
[Date "2016.10.02"]
[Round "10.23"]
[White "Oberholzer, Marni"]
[Black "Zairbek kyzy, Begimay"]
[Result "1/2-1/2"]
[WhiteElo "1683"]
[BlackElo "1836"]
[WhiteFideId "14310414"]
[BlackFideId "13803603"]
[EventDate "2016.09.22"]

1. d4 Nf6 2. Nf3 e6 3. c4 b6 4. Bf4 Bb7 5. e3 d5 6. cxd5 Nxd5 7. Bg3 Nd7 8. Be2
Bb4+ 9. Nbd2 O-O 10. O-O Re8 11. Rc1 N7f6 12. h3 Rc8 13. Bh2 Ne7 14. Qa4 a5 15.
a3 Bxd2 16. Nxd2 Nf5 17. Rfe1 c5 18. Nb3 cxd4 19. Nxd4 Nxd4 20. Qxd4 Nd5 21. Be5
Qg5 22. Bf3 Rcd8 23. Qe4 f5 24. Qc4 Rc8 25. Qe2 Rcd8 26. Red1 Rf8 27. Re1 Rf7
28. Bf4 Nxf4 29. exf4 Bxf3 30. fxg5 Bxe2 31. Rxe2 Rd6 32. Re5 Rfd7 33. Rb5 Rd1+
34. Rxd1 Rxd1+ 35. Kh2 Rd6 36. Kg3 Kf7 37. f4 Ke7 38. Kf3 Kd7 39. Re5 Kc6 40. b3
Kd7 1/2-1/2

[Event "World Youth Girl U16 2016"]
[Site "Khanty-Mansiysk RUS"]
[Date "2016.10.02"]
[Round "10.24"]
[White "Wijesuriya, G P Y"]
[Black "Griciute, Rosita"]
[Result "1-0"]
[WhiteElo "1588"]
[BlackElo "1641"]
[WhiteFideId "9906959"]
[BlackFideId "12811238"]
[EventDate "2016.09.22"]

1. e4 e5 2. Nf3 Nc6 3. Bb5 a6 4. Bxc6 dxc6 5. d4 exd4 6. Qxd4 Qxd4 7. Nxd4 Bd7
8. Nc3 O-O-O 9. Nde2 Nf6 10. f3 Bc5 11. Bd2 b5 12. O-O-O Rhe8 13. Bf4 Be6 14.
Rxd8+ Rxd8 15. Rd1 Rxd1+ 16. Nxd1 Kd7 17. Kd2 Nh5 18. Be3 Bxe3+ 19. Kxe3 c5 20.
g4 Nf6 21. Nf4 h6 22. e5 Ne8 23. b3 Kc6 24. Ne2 Bc8 25. c4 Kb7 26. h3 c6 27. Kd3
Kb6 28. f4 g6 29. Ke4 Bd7 30. Ng3 Ng7 31. f5 g5 32. Ke3 Bc8 33. Ne4 Ne8 34. Nd6
Nxd6 35. exd6 f6 36. Nf2 bxc4 37. bxc4 a5 38. Ne4 Ba6 39. Kd3 a4 40. Nxf6 Bb7
41. Ng8 1-0

[Event "World Youth Girl U16 2016"]
[Site "Khanty-Mansiysk RUS"]
[Date "2016.10.02"]
[Round "10.25"]
[White "Tomcikova, Zuzana"]
[Black "Shih, Ching-An"]
[Result "1/2-1/2"]
[BlackTitle "WCM"]
[WhiteElo "1621"]
[BlackElo "1460"]
[WhiteFideId "14939126"]
[BlackFideId "16300653"]
[EventDate "2016.09.22"]

1. e4 e5 2. Nf3 Nc6 3. Bc4 Be7 4. d4 d6 5. Nc3 Nf6 6. O-O O-O 7. h3 h6 8. Re1 a6
9. a4 Re8 10. Bb3 Bf8 11. dxe5 dxe5 12. Be3 Be6 13. Bxe6 Rxe6 14. Qxd8 Rxd8 15.
Rad1 Red6 16. Rxd6 Rxd6 17. Bc5 Rd8 18. Bxf8 Kxf8 19. Re2 Ke7 20. Kf1 Ke6 21.
Ke1 Nd4 22. Nxd4+ Rxd4 23. f3 Nh5 24. b3 c6 25. Nd1 Nf4 26. Rf2 g6 27. Ne3 b5
28. axb5 axb5 29. Rd2 Rxd2 30. Kxd2 Kd6 31. h4 1/2-1/2

[Event "World Youth Girl U16 2016"]
[Site "Khanty-Mansiysk RUS"]
[Date "2016.10.02"]
[Round "10.26"]
[White "Campos Toledo, Andrea Celeste"]
[Black "Sevilla, Julia"]
[Result "1-0"]
[WhiteElo "1750"]
[BlackElo "1546"]
[WhiteFideId "3826171"]
[BlackFideId "2099730"]
[EventDate "2016.09.22"]

1. e4 c5 2. c3 Nf6 3. e5 Nd5 4. d4 cxd4 5. cxd4 d6 6. Nf3 Nc6 7. Bc4 e6 8. O-O
Be7 9. Qe2 O-O 10. Rd1 Qc7 11. Bd2 Bd7 12. Nc3 Nxc3 13. Bxc3 Na5 14. Bd3 Bc6 15.
b4 Bxf3 16. Qxf3 Nc4 17. Rac1 d5 18. Qh3 g6 19. Bd2 Rfc8 20. Bxc4 dxc4 21. a4
Qd7 22. d5 Qxa4 23. dxe6 Qe8 24. Bc3 Bg5 25. exf7+ Qxf7 26. Rd7 Bxc1 27. Rxf7
Kxf7 28. Qd7+ Kg8 29. e6 Rc7 30. Qxc7 1-0

[Event "World Youth Girl U16 2016"]
[Site "Khanty-Mansiysk RUS"]
[Date "2016.10.02"]
[Round "10.27"]
[White "Tumova, Anna"]
[Black "Ni Mhuireagain, Eibhia"]
[Result "1-0"]
[WhiteElo "1711"]
[BlackElo "1433"]
[WhiteFideId "367397"]
[BlackFideId "2505665"]
[EventDate "2016.09.22"]

1. e4 d5 2. d4 dxe4 3. Nc3 Bf5 4. f3 Nf6 5. Bg5 c6 6. Bxf6 gxf6 7. fxe4 Bg6 8.
Qd2 Qa5 9. Nf3 h5 10. Bd3 Bh6 11. Qf2 Nd7 12. Nd2 Rg8 13. O-O-O Nb6 14. Kb1 Bh7
15. d5 Bxd2 16. Rxd2 cxd5 17. Bb5+ Kf8 18. exd5 Rc8 19. Bd3 Bxd3 20. Rxd3 Rd8
21. d6 Nd7 22. dxe7+ Kxe7 23. Nd5+ Kf8 24. Rf1 Ne5 25. Nxf6 Nxd3 26. cxd3 Rg7
27. Qc2 Rd6 28. Re1 Rxf6 29. Qc8+ Qd8 30. Qxd8# 1-0

[Event "World Youth Girl U16 2016"]
[Site "Khanty-Mansiysk RUS"]
[Date "2016.10.02"]
[Round "10.28"]
[White "Gardiner, Nina"]
[Black "Nazarova, Veronika"]
[Result "1/2-1/2"]
[WhiteElo "1530"]
[BlackElo "1303"]
[WhiteFideId "14306867"]
[BlackFideId "4506944"]
[EventDate "2016.09.22"]

1. e4 c5 2. Nf3 d6 3. d4 cxd4 4. Nxd4 Nf6 5. Nc3 a6 6. f3 g6 7. Be3 Bg7 8. Qd2
Nc6 9. O-O-O O-O 10. h4 Ne5 11. Bh6 b5 12. Kb1 Qb6 13. Qg5 Re8 14. h5 b4 15.
Nce2 Bd7 16. Nf4 a5 17. Bxg7 Kxg7 18. hxg6 fxg6 19. Qh6+ Kf7 20. Nd5 Nxd5 21.
exd5 Rh8 22. Qg5 Qc5 23. f4 Ng4 24. Re1 Nf6 25. Ne6 Qxd5 26. Nc7 Qxg5 27. fxg5
Rac8 28. gxf6 Rxc7 29. Rxe7+ Kxf6 30. Rhxh7 Rxh7 31. Rxh7 Rb7 32. g3 Bc6 33. Rh4
Re7 34. Rf4+ Kg5 35. b3 1/2-1/2

[Event "World Youth Girl U16 2016"]
[Site "Khanty-Mansiysk RUS"]
[Date "2016.10.02"]
[Round "10.29"]
[White "Horn, Caro"]
[Black "Kopcova, Ludmila"]
[Result "0-1"]
[WhiteElo "1229"]
[BlackElo "1798"]
[WhiteFideId "15200884"]
[BlackFideId "363774"]
[EventDate "2016.09.22"]

1. e4 e5 2. Nf3 Nf6 3. Bc4 Nxe4 4. Nc3 Nxc3 5. dxc3 c6 6. Nxe5 d5 7. Bd3 Bd6 8.
Nf3 Qe7+ 9. Be3 Bg4 10. O-O O-O 11. Re1 Qf6 12. Be2 h6 13. h3 Bxf3 14. Bxf3 Nd7
15. g3 Rfe8 16. Bg2 a6 17. Qd2 Qg6 18. Bf4 Nc5 19. Rab1 Bxf4 20. Qxf4 Qxc2 21.
Qd6 Nd3 22. Rxe8+ Rxe8 23. Rf1 Re1 24. Qb8+ Kh7 25. Rxe1 Qxf2+ 26. Kh2 Nxe1 27.
Qf4 Qxg2# 0-1

[Event "World Youth Girl U16 2016"]
[Site "Khanty-Mansiysk RUS"]
[Date "2016.10.03"]
[Round "11.1"]
[White "Kazarian, Anna-Maja"]
[Black "Alinasab, Mobina"]
[Result "0-1"]
[WhiteTitle "FM"]
[BlackTitle "WFM"]
[WhiteElo "2231"]
[BlackElo "2230"]
[WhiteFideId "1033689"]
[BlackFideId "12528897"]
[EventDate "2016.09.22"]

1. e4 e6 2. d4 d5 3. Nc3 Nf6 4. Bg5 Bb4 5. e5 h6 6. Bd2 Bxc3 7. bxc3 Ne4 8. Qg4
Kf8 9. Bd3 Nxd2 10. Kxd2 c5 11. Nf3 Nc6 12. h4 Qa5 13. Qf4 Bd7 14. g4 cxd4 15.
Nxd4 Rc8 16. Nxc6 Rxc6 17. Qb4+ Qc5 18. Rab1 b6 19. Bb5 Qxb4 20. cxb4 Rc7 21.
Bd3 Ke7 22. b5 Bc8 23. Rb4 Bb7 24. Rh3 f6 25. f4 fxe5 26. fxe5 Rf8 27. Ra4 Ba8
28. Ke2 Kd8 29. Rf3 Rxf3 30. Kxf3 g5 31. hxg5 hxg5 32. Ke3 Kc8 33. Bg6 Kb8 34.
Kd2 Bb7 35. Rb4 Bc8 36. c3 Rg7 37. Bh5 Rg8 38. Ke2 Rf8 39. Rb1 a6 40. bxa6 Bxa6+
41. Ke3 Kc7 42. Bg6 Rf4 43. Rh1 Rxg4 44. Rh7+ Kb8 45. Re7 Bc8 46. Bd3 Ra4 47.
Rg7 g4 48. c4 dxc4 49. Rxg4 b5 50. Bb1 Rb4 51. Be4 Rb2 52. a4 bxa4 53. Kd4 a3
54. Kxc4 a2 55. Rg1 Bb7 56. Kc3 Rb5 57. Bd3 Rxe5 58. Ra1 Bd5 59. Bc4 Bxc4 60.
Kxc4 Ra5 61. Kb4 Ra7 62. Kb3 Kc7 63. Kb2 Kd6 64. Rd1+ Ke7 65. Ka1 e5 66. Rh1 Ke6
67. Re1 Ra4 68. Rh1 e4 69. Rh8 Kd5 70. Rd8+ Kc4 71. Rh8 Kd3 72. Rd8+ Ke2 73. Rh8
e3 74. Rh2+ Kd3 75. Rh3 Kd2 76. Rh8 e2 77. Rh2 Kd1 0-1

[Event "World Youth Girl U16 2016"]
[Site "Khanty-Mansiysk RUS"]
[Date "2016.10.03"]
[Round "11.2"]
[White "Aakanksha, Hagawane"]
[Black "Sliwicka, Alicja"]
[Result "1-0"]
[BlackTitle "WFM"]
[WhiteElo "2183"]
[BlackElo "2092"]
[WhiteFideId "25014510"]
[BlackFideId "1150677"]
[EventDate "2016.09.22"]

1. e4 e5 2. Nf3 Nc6 3. Bb5 a6 4. Ba4 Nf6 5. d3 b5 6. Bb3 Be7 7. O-O d6 8. c3 O-O
9. Re1 Na5 10. Bc2 c5 11. Nbd2 Nc6 12. Nf1 Re8 13. Ng3 Bf8 14. h3 h6 15. a4 b4
16. d4 Rb8 17. d5 Na5 18. cxb4 cxb4 19. b3 Nb7 20. Be3 a5 21. Bd3 Nc5 22. Rc1
Nxd3 23. Qxd3 Nd7 24. Nd2 g6 25. Ne2 Ra8 26. Nc4 Kh7 27. f4 exf4 28. Nxf4 Qh4
29. Bd2 Ba6 30. Qe3 Nc5 31. Qf3 Qf6 32. Re3 Bxc4 33. Rxc4 Bg7 34. Be1 Qa1 35.
Kh2 Ra7 36. Bf2 Rae7 37. Re1 Qe5 38. Bd4 Qg5 39. Bxc5 dxc5 40. Rxc5 Bc3 41. Re2
Qe5 42. g3 Qd4 43. Rc4 Qd1 44. Qd3 Qxb3 45. d6 Rd7 46. e5 Red8 47. Nd5 Kg7 48.
Nf6 Rb7 49. Ne4 Qa3 50. Nc5 Rb6 51. Ne6+ Kg8 52. Nxd8 Bxe5 53. Qxa3 bxa3 54. Ra2
Bxd6 55. Rc3 Bb4 56. Rcc2 Bd6 57. Nc6 Rb3 58. Rg2 h5 59. h4 g5 60. Nd4 Rd3 61.
Nf5 Be5 62. hxg5 Kh7 63. Rge2 Bb2 64. Rexb2 axb2 65. Rxb2 Ra3 66. Rb6 Rxa4 67.
Kg2 Rb4 68. Rh6+ Kg8 69. Rxh5 a4 70. Rh4 Rb2+ 71. Kf3 a3 72. Ra4 a2 73. Ne3 Kh7
74. Ra6 Kg7 75. Kf4 Rb4+ 76. Kf5 Rb5+ 77. Kg4 Rb2 78. Nd5 Rc2 79. Kh5 Rh2+ 80.
Kg4 Rc2 81. Kf5 Rf2+ 82. Nf4 Rb2 83. Ra7 Kf8 84. g6 fxg6+ 85. Nxg6+ Kg8 86. g4
Rf2+ 87. Nf4 Rb2 88. Nh5 Kf8 89. Nf6 Rb5+ 90. Kg6 1-0

[Event "World Youth Girl U16 2016"]
[Site "Khanty-Mansiysk RUS"]
[Date "2016.10.03"]
[Round "11.3"]
[White "Shuvalova, Polina"]
[Black "Amina, Battsooj"]
[Result "1-0"]
[WhiteTitle "WFM"]
[BlackTitle "FM"]
[WhiteElo "2393"]
[BlackElo "2302"]
[WhiteFideId "24171760"]
[BlackFideId "4902661"]
[EventDate "2016.09.22"]

1. Nf3 d5 2. g3 e6 3. Bg2 Nf6 4. c4 Be7 5. O-O O-O 6. b3 c5 7. Bb2 b6 8. e3 Bb7
9. Nc3 Nc6 10. cxd5 exd5 11. d4 Re8 12. Rc1 cxd4 13. Nxd4 Nxd4 14. Qxd4 Bc5 15.
Qd3 Qd7 16. Rfd1 Rad8 17. Ne2 Qe7 18. Nf4 Ne4 19. Bd4 Bd6 20. Rc2 Bb8 21. Rdc1
Rd7 22. Qe2 Be5 23. Qg4 Bxd4 24. exd4 Nf6 25. Qf5 g6 26. Qd3 Qd6 27. h4 Rde7 28.
Bf3 h5 29. Kg2 Kg7 30. Qb5 Ne4 31. Nd3 Qe6 32. Nf4 Qd6 33. Qa4 Kh7 34. Rc7 Rxc7
35. Rxc7 Qxc7 36. Qxe8 Bc6 37. Qf8 Qd7 38. Nh3 Qe8 39. Qxe8 Bxe8 40. Bxe4 dxe4
41. Ng5+ Kg7 42. Nxe4 Bc6 43. f3 f5 44. Ng5 Kf6 45. Kf2 Be8 46. Ke3 Bb5 47. f4
Bc6 48. Nf3 Ke6 49. Ne5 Be8 50. Kd3 Kd5 51. a4 a6 52. Nc4 b5 53. Ne3+ Kc6 54. a5
Bf7 55. Kc3 Kd6 56. Nc2 Bd5 57. Nb4 Bb7 58. Nd3 Ke7 59. Nc5 Bc8 60. d5 Kd6 61.
Kd4 b4 62. Kc4 Kc7 63. Kxb4 1-0

[Event "World Youth Girl U16 2016"]
[Site "Khanty-Mansiysk RUS"]
[Date "2016.10.03"]
[Round "11.4"]
[White "Martynkova, Olena"]
[Black "Yao, Lan"]
[Result "0-1"]
[WhiteTitle "WFM"]
[WhiteElo "2287"]
[BlackElo "2235"]
[WhiteFideId "14134039"]
[BlackFideId "8610835"]
[EventDate "2016.09.22"]

1. d4 Nf6 2. c4 e6 3. g3 Bb4+ 4. Bd2 a5 5. Bg2 O-O 6. Nf3 b6 7. Ne5 Ra7 8. O-O
Bb7 9. Bxb7 Rxb7 10. Nc3 d6 11. Nf3 Nbd7 12. Qc2 e5 13. dxe5 dxe5 14. Rfd1 Qe7
15. Bg5 Qe6 16. Nd5 Nxd5 17. cxd5 Qe8 18. e4 Bc5 19. a3 h6 20. Bd2 Qe7 21. b4
axb4 22. axb4 Bd6 23. Qc6 Rbb8 24. Nh4 Rfd8 25. Nf5 Qf8 26. Ra7 Nf6 27. f3 Ne8
28. Bc3 b5 29. Rb7 Rxb7 30. Qxb7 Bxb4 31. Bxe5 Qc5+ 32. Bd4 Qc4 33. Be3 Bc5 34.
Bxc5 Qxc5+ 35. Nd4 Nd6 36. Qc6 Qa7 37. Kh1 Qa4 38. Qc2 Ra8 39. e5 Nc4 40. Re1
Nxe5 41. Qe4 Nc4 42. Qf4 Nd6 43. Rc1 Qa2 44. Nf5 Nxf5 45. Qxf5 Qf2 46. d6 Qd2
47. Rg1 cxd6 48. Qxb5 Ra2 49. Qe8+ Kh7 50. Qe4+ g6 51. Qh4 Qf2 52. f4 Qf3+ 0-1

[Event "World Youth Girl U16 2016"]
[Site "Khanty-Mansiysk RUS"]
[Date "2016.10.03"]
[Round "11.5"]
[White "Nguyen, Hong Ngoc"]
[Black "Priyanka, K"]
[Result "1/2-1/2"]
[WhiteElo "1807"]
[BlackElo "2205"]
[WhiteFideId "12403083"]
[BlackFideId "5082986"]
[EventDate "2016.09.22"]

1. d4 Nf6 2. c4 g6 3. Nc3 Bg7 4. e4 d6 5. Bd3 O-O 6. Nge2 e5 7. d5 a5 8. O-O Na6
9. Ng3 Nc5 10. Bc2 Ne8 11. Qe1 f5 12. f4 fxe4 13. Ngxe4 Nxe4 14. Nxe4 Nf6 15.
Rb1 Nxe4 16. Qxe4 exf4 17. Bxf4 Bf5 18. Qe2 Qd7 19. Bxf5 Rxf5 20. Qd2 Raf8 21.
Rf2 Be5 22. Rbf1 Qe7 23. b3 Bxf4 24. Rxf4 Rxf4 25. Rxf4 Rxf4 26. Qxf4 Qe2 27.
Qh4 Qe3+ 28. Kf1 Qd3+ 29. Kf2 Qf5+ 30. Ke3 Qe5+ 31. Kf3 Qc3+ 32. Ke2 Qc2+ 33.
Ke3 Qc1+ 34. Kf2 Qd2+ 35. Kf3 Qd1+ 36. Kf2 Qc2+ 37. Kf3 Qc3+ 38. Kf2 Qd2+ 39.
Kf3 1/2-1/2

[Event "World Youth Girl U16 2016"]
[Site "Khanty-Mansiysk RUS"]
[Date "2016.10.03"]
[Round "11.6"]
[White "Afonasieva, Anna"]
[Black "Sieber, Fiona"]
[Result "1/2-1/2"]
[WhiteTitle "WFM"]
[BlackTitle "WFM"]
[WhiteElo "2132"]
[BlackElo "2268"]
[WhiteFideId "24173606"]
[BlackFideId "12902373"]
[EventDate "2016.09.22"]

1. d4 Nf6 2. Nf3 g6 3. g3 Bg7 4. Bg2 d5 5. O-O O-O 6. c4 dxc4 7. Na3 c3 8. bxc3
c5 9. Qb3 Nc6 10. Rd1 Na5 11. Qb2 cxd4 12. cxd4 Bf5 13. Bd2 Qb6 14. Qxb6 axb6
15. Ne5 Ng4 16. Bxa5 Nxe5 17. dxe5 Rxa5 18. Nc4 Bxe5 19. Nxa5 Bxa1 20. Rxa1 bxa5
21. Bxb7 Rb8 22. Bd5 Rb2 23. Bc4 Be6 24. Bxe6 fxe6 25. Kf1 a4 26. a3 Kf7 27. Rd1
e5 28. Rd3 Ke6 29. Ke1 Ra2 30. f3 e4 31. Re3 Kd5 32. Rxe4 Rxa3 33. Kd2 e5 34.
Rb4 Kc5 35. Rb7 h5 36. Rc7+ Kd4 37. Rd7+ Kc4 38. Rc7+ Kd5 39. Rd7+ Ke6 40. Ra7
Kd5 41. Rg7 Kd4 42. Rd7+ Kc4 1/2-1/2

[Event "World Youth Girl U16 2016"]
[Site "Khanty-Mansiysk RUS"]
[Date "2016.10.03"]
[Round "11.7"]
[White "Hrescak, Ivana"]
[Black "Di Benedetto, Desiree"]
[Result "1/2-1/2"]
[WhiteTitle "WFM"]
[BlackTitle "WFM"]
[WhiteElo "1957"]
[BlackElo "2183"]
[WhiteFideId "14613441"]
[BlackFideId "875813"]
[EventDate "2016.09.22"]

1. Nf3 d5 2. g3 c5 3. Bg2 Nc6 4. O-O e6 5. d3 Nf6 6. Nbd2 g6 7. e4 Bg7 8. exd5
Nxd5 9. Ne4 b6 10. c3 O-O 11. Qe2 Qc7 12. Rd1 Ba6 13. a3 Qd7 14. Qe1 h6 15. c4
Rfe8 16. Bxh6 Bxb2 17. Qd2 Bxa1 18. Rxa1 f5 19. cxd5 fxe4 20. dxc6 Qxd3 21. Qb2
e5 22. Nd2 c4 23. Nxe4 Red8 24. Ng5 c3 25. Qc1 Rd6 26. Ne4 Rxc6 27. Nf6+ Rxf6
28. Bxa8 c2 29. Be3 Rd6 30. Bf3 e4 31. Bg4 Bc8 32. Bxc8 Qe2 33. Be6+ Rxe6 34.
Qd2 Qxd2 35. Bxd2 Rd6 36. Bc1 Rd1+ 37. Kg2 b5 38. f4 Kf7 39. Kf2 Ke6 40. g4 a5
41. Ke3 Kd5 42. f5 gxf5 43. gxf5 b4 44. axb4 axb4 45. f6 Ke6 46. Kxe4 b3 47.
Ra6+ Kf7 48. Ra7+ Kxf6 49. Bb2+ Kg5 50. Rb7 Rb1 51. Rxb3 Rxb2 52. Rc3 Rb4+ 53.
Kd3 Rb3 54. Kxc2 Rxc3+ 1/2-1/2

[Event "World Youth Girl U16 2016"]
[Site "Khanty-Mansiysk RUS"]
[Date "2016.10.03"]
[Round "11.8"]
[White "Radeva, Viktoria"]
[Black "Kochukova, Anna"]
[Result "1-0"]
[WhiteTitle "WFM"]
[BlackTitle "WFM"]
[WhiteElo "2143"]
[BlackElo "2073"]
[WhiteFideId "2915405"]
[BlackFideId "24173932"]
[EventDate "2016.09.22"]

1. e4 e5 2. d4 exd4 3. Nf3 Nc6 4. Nxd4 Nf6 5. Nxc6 bxc6 6. e5 Ne4 7. Qf3 Ng5 8.
Qg3 Ne6 9. Bd3 d5 10. O-O g6 11. f4 Nd4 12. Be3 Nf5 13. Bxf5 Bxf5 14. c3 Be7 15.
Nd2 a5 16. Nf3 Ra6 17. Rad1 O-O 18. Qf2 f6 19. Qe2 Qc8 20. h3 h5 21. Nd4 Be4 22.
Ne6 Qxe6 23. Qxa6 fxe5 24. fxe5 Qxe5 25. Qxc6 Bd6 26. Rxf8+ Bxf8 27. Bd4 Qe7 28.
Re1 Qf7 29. Rf1 Qe7 30. Qf6 Qxf6 31. Rxf6 c5 32. Bf2 Bd3 33. Rc6 Bb5 1-0

[Event "World Youth Girl U16 2016"]
[Site "Khanty-Mansiysk RUS"]
[Date "2016.10.03"]
[Round "11.9"]
[White "Sakorenko, Adriana"]
[Black "Vazquez Maccarini, Danitza"]
[Result "0-1"]
[BlackTitle "WIM"]
[WhiteElo "2007"]
[BlackElo "2142"]
[WhiteFideId "34130249"]
[BlackFideId "3101193"]
[EventDate "2016.09.22"]

1. e4 c5 2. Nf3 e6 3. b3 b6 4. Bb2 Bb7 5. Nc3 Nc6 6. Be2 a6 7. O-O Qc7 8. d4
cxd4 9. Nxd4 Nf6 10. Nxc6 Bxc6 11. Bd3 Bd6 12. h3 Be5 13. Qe2 b5 14. Rfe1 O-O
15. Nd1 Bxb2 16. Nxb2 Qe5 17. c4 Nh5 18. g3 Qg5 19. Kh2 f5 20. h4 Qh6 21. Rf1
bxc4 22. Nxc4 fxe4 23. Bc2 d5 0-1

[Event "World Youth Girl U16 2016"]
[Site "Khanty-Mansiysk RUS"]
[Date "2016.10.03"]
[Round "11.10"]
[White "Grigoryan, Arpine"]
[Black "Kiolbasa, Oliwia"]
[Result "1/2-1/2"]
[BlackTitle "WIM"]
[WhiteElo "1942"]
[BlackElo "2196"]
[WhiteFideId "13307231"]
[BlackFideId "1154613"]
[EventDate "2016.09.22"]

1. e4 e5 2. Nf3 Nc6 3. Bb5 a6 4. Ba4 Nf6 5. Bxc6 bxc6 6. O-O d6 7. d4 exd4 8.
Qxd4 c5 9. Qd3 Be7 10. e5 Ng4 11. Qe4 d5 12. Qa4+ Bd7 13. Qb3 c4 14. Qc3 h5 15.
Na3 c6 16. b3 cxb3 17. h3 Nh6 18. cxb3 Nf5 19. Nc2 Rc8 20. Ne3 Nxe3 21. Bxe3 c5
22. Qd2 d4 23. Bg5 Bc6 24. Bxe7 Qxe7 25. Qf4 O-O 26. Rfe1 a5 27. Nh4 1/2-1/2

[Event "World Youth Girl U16 2016"]
[Site "Khanty-Mansiysk RUS"]
[Date "2016.10.03"]
[Round "11.11"]
[White "Yakubbaeva, Nilufar"]
[Black "Dong, Khanh Linh"]
[Result "1-0"]
[BlackTitle "WCM"]
[WhiteElo "1896"]
[BlackElo "1671"]
[WhiteFideId "14204487"]
[BlackFideId "12403040"]
[EventDate "2016.09.22"]

1. d4 d5 2. Bf4 Nf6 3. e3 Bf5 4. c3 c6 5. Bd3 Bxd3 6. Qxd3 Nbd7 7. Nd2 g6 8.
Ngf3 Bg7 9. h3 O-O 10. O-O c5 11. Rfe1 c4 12. Qc2 Qb6 13. e4 Nxe4 14. Nxe4 dxe4
15. Rxe4 Nf6 16. Re2 Nd5 17. Bg3 e6 18. Rae1 Qa6 19. a3 b5 20. h4 h6 21. Be5 Qb7
22. Qe4 f5 23. Qc2 Bxe5 24. Rxe5 Nf4 25. Qd2 g5 26. hxg5 Nd3 27. Rxe6 Nxe1 28.
Qxe1 Qf7 29. gxh6 Qh5 30. Qe5 Qg4 31. Re7 Rf7 32. h7+ Rxh7 33. Qd5+ Kf8 34. Rxh7 1-0

[Event "World Youth Girl U16 2016"]
[Site "Khanty-Mansiysk RUS"]
[Date "2016.10.03"]
[Round "11.12"]
[White "Mammadova, Susan"]
[Black "Yang, Yijing"]
[Result "0-1"]
[BlackTitle "WCM"]
[WhiteElo "1836"]
[BlackElo "1975"]
[WhiteFideId "13413210"]
[BlackFideId "8608601"]
[EventDate "2016.09.22"]

1. e4 c5 2. Nf3 e6 3. d4 cxd4 4. Nxd4 a6 5. Nc3 Qc7 6. Bd3 Nc6 7. Be3 Nf6 8. O-O
Ne5 9. h3 Bc5 10. Kh1 d6 11. Nce2 d5 12. f4 Nc4 13. Bxc4 dxc4 14. Nc3 Bb4 15.
Qf3 b6 16. e5 Bb7 17. Qg3 Bxc3 18. bxc3 Ne4 19. Qxg7 O-O-O 20. Rg1 Rdg8 21. Qh6
Rg3 22. Rae1 Rhg8 23. Nf3 Qc6 24. Kh2 Nd2 25. Qxh7 Rxg2+ 26. Rxg2 Rxg2+ 27. Kxg2
Qxf3+ 0-1

[Event "World Youth Girl U16 2016"]
[Site "Khanty-Mansiysk RUS"]
[Date "2016.10.03"]
[Round "11.13"]
[White "Tishova, Svetlana"]
[Black "Kozybayeva, Alisa"]
[Result "1-0"]
[WhiteElo "2317"]
[BlackElo "1888"]
[WhiteFideId "24173550"]
[BlackFideId "13708317"]
[EventDate "2016.09.22"]

1. e4 c5 2. Nf3 d6 3. Bb5+ Bd7 4. Bxd7+ Qxd7 5. O-O Nc6 6. c3 Nf6 7. Qe2 e5 8.
Rd1 Be7 9. d4 Qc7 10. Na3 a6 11. Bg5 O-O 12. Nc2 Ne8 13. Be3 Nf6 14. Nd2 cxd4
15. cxd4 exd4 16. Nxd4 d5 17. Nxc6 bxc6 18. Bd4 Qf4 19. g3 Qg4 20. Qxg4 Nxg4 21.
Rac1 Rfc8 22. Rc2 Bf6 23. Bc5 Ne5 24. f4 Nd3 25. e5 Nxc5 26. exf6 Nd7 27. fxg7
Kxg7 28. Nb3 Rab8 29. Kf2 Kf6 30. Na5 Rb6 31. a3 Ke7 32. b4 Nf6 33. Nb3 Kd6 34.
Kf3 Ne4 35. Nc5 Nf6 36. Nd3 Nd7 37. Nb2 c5 38. Nc4+ 1-0